Enciclopedia del Mar
Guardat en:
| Autor principal: | |
|---|---|
| Format: | Llibre |
| Idioma: | espanyol |
| Publicat: |
Barcelona
Folio
1993
|
| Col·lecció: | Los Secretos del Mar
|
| Matèries: | |
| Etiquetes: |
Afegir etiqueta
Sense etiquetes, Sigues el primer a etiquetar aquest registre!
|
MARC
| LEADER | 00000nam a2200000 a 4500 | ||
|---|---|---|---|
| 001 | UCH9806 | ||
| 003 | CL-VaPUC | ||
| 008 | 100121e19930000SP |||||||||||||||||spa|d | ||
| 020 | |a 8475835309 | ||
| 082 | 0 | 4 | |a 551.46 |b COU |2 21 |
| 100 | 0 | |a Cousteau, Jacques-Yves |e author |9 547097 | |
| 245 | 1 | 0 | |a Enciclopedia del Mar |
| 300 | |a v | ||
| 942 | |c BK | ||
| 945 | |d 20100121 00:00:00 |a dcastane | ||
| 260 | |a Barcelona |b Folio |c 1993 | ||
| 650 | 7 | |a OCEANOGRAFIA INVESTIGACIONES |2 CL-VaPUC |9 262182 | |
| 650 | 7 | |a EXPLORACIONES SUBMARINAS |2 CL-VaPUC |9 261765 | |
| 650 | 0 | |a Fotografía submarina |9 262280 | |
| 650 | 0 | |a Biología marina |9 259965 | |
| 583 | |a last modification |c 20100121 00:00:00 |k Rodrigo Vera | ||
| 490 | 0 | |a Los Secretos del Mar | |
| 999 | |c 339695 |d 339693 | ||